000 00486nam a2200205Ia 4500
005 20251020182540.0
008 200515s9999 xx 000 0 und d
082 _a728:691.11/T33
110 _aTEJADA, Marcelo
245 0 _aUtilización de la madera en la construcción de viviendas
260 _aLima
260 _c1983
300 _a77
500 _a1 ejemplar
650 _aLIB
650 _aMADERA
650 _aVIVIENDAS
650 _aVIVIENDAS DE MADERA
942 _cLIB
999 _c2386
_d2386